Rotator cuff muscles: origin, insertion, innervation - Statistics

General Stats
  • This quiz has been taken 26 times
  • The average score is 4 of 12
Answer Stats
Muscle Answer % Correct
Supraspinatus (insertion) Greater tubercle of humerus
73%
Supraspinatus (origin) Supraspinous fossa of scapula
64%
Infraspinatus (origin) Infraspinous fossa of scapula
55%
Infraspinatus (insertion) Greater tubercle of humerus
50%
Supraspinatus (innervation) Suprascapular nerve
50%
Infraspinatus (innervation) Suprascapular nerve
45%
Teres minor (innervation) Axillary nerve
36%
Subscapularis (origin) Subscapular fossa of scapula
36%
Teres minor (origin) Infraspinous fossa
14%
Subscapularis (innervation) Upper and lower subscapular nerves
5%
Teres minor (insertion) Greater tubercle of humerus (back)
0%
Subscapularis (insertion) Lesser tubercle of humerus, anterior surface of joint capsule
0%
No matching quizzes found
Score Distribution
Percent of People with Each Score
Percentile by Number Answered
Your Score History
You have not taken this quiz